000
00211 a2200097 4500
001
14997
100
_a
Davies S
245
_a
Exploring the world
260
_a
Lahore
_b
Routledge Kegan
_c
090
_c
11752
_d
11752
942
_a
NUST-CAE
_c
M
_c
1950
999
_c
250070
_d
250070